header

At the leading edge (Record no. 142119)

MARC details
000 -LEADER
fixed length control field 01455nam a2200373 a 4500
082 04 - DEWEY DECIMAL CLASSIFICATION NUMBER
Classification number 539.7/7
245 00 - TITLE STATEMENT
Title At the leading edge
260 ## - PUBLICATION, DISTRIBUTION, ETC. (IMPRINT)
Place of publication Singapore ;
-- Hackensack, NJ :
Name of publisher World Scientific,
Year of publication c2010.
300 ## - PHYSICAL DESCRIPTION
Number of Pages viii, 436 p. :
Other physical details ill. (some col.).
650 #0 - SUBJECT ADDED ENTRY--TOPICAL TERM
Topical Term Large Hadron Collider (France and Switzerland)
Topical Term Nuclear counters.
Topical Term Symmetry (Physics)
Topical Term Particles (Nuclear physics)
700 1# - ADDED ENTRY--PERSONAL NAME
Personal name Green, Dan.
856 40 - ELECTRONIC LOCATION AND ACCESS
Uniform Resource Identifier http://site.ebrary.com/lib/rucke/Doc?id=10422492

No items available.

© 2026 Rongo University
Contact us: librarian | system librarian | Rongo university